| 000 | 00462pam a2200169 i 4500 | ||
|---|---|---|---|
| 020 | _a0132273489 | ||
| 040 | _cDLC | ||
| 082 | 0 | 0 | _a330 PRE 1977 A073 Or. |
| 100 | 1 | _aBach, George Leland, | |
| 245 | 1 | 0 |
_aEconomics : _ban introduction to analysis and policy / |
| 250 | _a9th ed. | ||
| 260 |
_aEnglewood Cliffs, N.J. : _bPrentice-Hall, _cc1977. |
||
| 300 |
_axxii, 712 p. : _bill. ; _c24 cm. |
||
| 650 | 0 | _aEconomic policy. | |
| 650 | 0 | _aEconomics. | |
| 942 | _cEK | ||
| 999 |
_c15154 _d15154 |
||